Sonata per violoncello solo. /

Uložené v:
Podrobná bibliografia
Hlavný autor: Beneš, Juraj (Author)
Médium: Kniha
Jazyk:Slovak
Vydané: Bratislava : Slovenský hudobný fond, 1993
Vydanie:1. vyd.
Témy:
ISBN: 809669605X (brož.)
Fyzický popis: 18 s.
Tagy: Pridať tag
Žiadne tagy, Buďte prvý kto otaguje tento záznam!

MARC

LEADER 00000nam a2200000 a 4500
001 000073949
003 SVKK
005 20010430000000.0
008 010222s1993 xo e sloo
020 |a 809669605X (brož.) 
040 |a SVKKK  |b slo  |c SVKKK  |e AACR2 
041 0 |a slo 
044 |a xo  |c SK 
080 |a 787.3 Beneš, J.  |2 1997 
080 |a 78.082 Beneš, J.  |2 1997 
100 1 |a Beneš, Juraj  |4 aut 
245 1 0 |a Sonata per violoncello solo. /  |c Juraj Beneš 
250 |a 1. vyd. 
260 |a Bratislava :  |b Slovenský hudobný fond,  |c 1993 
300 |a 18 s. 
500 |a Text aj angl. 
655 7 |a hudobniny  |2 SVKKKPH 
910 |a svkkk 
919 |a 80-966960-5-X 
974 |a MI  |d 20010222 
974 |a PA  |d 20010222 
974 |a PA  |d 20010430 
998 |a BK 
090 |g SCKHL  |k Sklad Pribinova 3. posch.  |a V.186416  |j 862663  |i 2720844420  |s Povinný výt.